| 000 | 00932nam a2200265 a 4500 | ||
|---|---|---|---|
| 001 | 67696 | ||
| 003 | BD-RjUL | ||
| 005 | 20211209081702.0 | ||
| 008 | 170328s1959 enk u p 0 u0eng d | ||
| 035 | _a(BD-RjUL)67905 | ||
| 040 |
_aBD-RjUL _beng _cBD-RjUL _dBD-RjUL |
||
| 041 | _aeng | ||
| 082 |
_223 _a615.1 _bBEF 1959 |
||
| 100 | 1 |
_aBeckett, A. H. _9200701 |
|
| 245 | 1 | 0 |
_aFortschritte der Arzneimittelforschung =Progress in drug research = Progrès des recherches pharmaceutiques / _cA. H. Beckett [et al...] ; Edited by Ernst Jucker. |
| 260 |
_aBasel : _bBirkhäuser Verlag, _cc1959. |
||
| 300 |
_a607 p. : _bill. ; _c24 cm. |
||
| 490 |
_aProgress in drug research, _vvol.1. |
||
| 650 |
_aPharmacology. _9200702 |
||
| 650 |
_aPharmacy _xResearch. _9200703 |
||
| 650 |
_aDrugs _xResearch. _9200704 |
||
| 700 |
_aJucker, Ernst _qeditors. _9200705 |
||
| 830 |
_aProgress in drug research, _vvol.1. _9200706 |
||
| 942 |
_2ddc _cBK |
||
| 999 |
_c67696 _d67696 |
||